Evolution of states: an introduction to English politics (Record no. 431263)

000 -LEADER
fixed length control field 00467cam a22001457a 4500
008 - FIXED-LENGTH DATA ELEMENTS--GENERAL INFORMATION
fixed length control field 180718b1912 xxu||||| |||| 00| 0 eng d
082 ## - DEWEY DECIMAL CLASSIFICATION NUMBER
Classification number B21 R547
100 ## - MAIN ENTRY--PERSONAL NAME
Personal name Robertson, J. M.
245 ## - TITLE STATEMENT
Title Evolution of states: an introduction to English politics
Statement of responsibility, etc. by J. M. Robertson
260 ## - PUBLICATION, DISTRIBUTION, ETC.
Place of publication, distribution, etc. London
Name of publisher, distributor, etc. Watts
Date of publication, distribution, etc. 1912
300 ## - PHYSICAL DESCRIPTION
Extent 487p.
650 ## - SUBJECT ADDED ENTRY--TOPICAL TERM
Topical term or geographic name entry element Europe --Politics and government
650 ## - SUBJECT ADDED ENTRY--TOPICAL TERM
Topical term or geographic name entry element Great Britain --Politics and government
650 ## - SUBJECT ADDED ENTRY--TOPICAL TERM
Topical term or geographic name entry element Political science --History
Holdings
Withdrawn status Lost status Damaged status Not for loan Permanent Location Current Location Date acquired Full call number Barcode Date last seen Price effective from Koha item type
        Indian Institute of Public Administration Indian Institute of Public Administration 2010-01-18 B21 R547 A787 2018-07-21 2018-07-21 A

Powered by Koha